000 00297nam a2200121Ia 4500
008 160319s9999 xx 000 0 und d
020 _a9719285516
050 _bR627n 2005
245 _aNoli Me Tangere /
260 _bAlberto Enrico Educational Center
260 _c2005
300 _a539 pages :
999 _c292327
_d292327